000 00554nam a22002057a 4500
001 00028826
005 20260420084041.0
008 260420b ag ||||| |||| 00| 0 spa d
020 _a9788441324268
040 _aAR-CcCEOS
_bspa
_cAR-CcCEOS
041 _aspa
080 _a7.031.8
090 _bLON
100 1 _aLonghena, María
_997
245 _aMéxico Antiguo :
_bEl mundo azteca y maya /
_cMaria Longhena
264 _aBarcelona :
_bFolio,
_cc2008.
300 _a166 p. ;
_c30x24 cm
490 _vGrandes civilizaciones
942 _2udc
_cBK
_n0
999 _c28862
_d28862